Nirvana Final Word Quiz - Statistics

General Stats
  • This quiz has been taken 46 times
  • The average score is 6 of 17
Answer Stats
Final Word Song Album % Correct
Denial Smells Like Teen Spirit Nevermind
94%
Dumb Dumb In Utero
71%
Crack Lithium Nevermind
57%
Gay Stay Away Nevermind
57%
Say In Bloom Nevermind
46%
Shamed (originally 'shaved') Floyd the Barber Bleach
37%
Wait (incoherent, a scream afterwards) Territorial Pissings Nevermind
31%
Through Where Did You Sleep Last Night MTV Unplugged in New York
31%
Are All Apologies In Utero
29%
Alone Sliver Incesticide
26%
Bore Serve the Servants In Utero
23%
Heart Aneurysm Incesticide
17%
Anything Blew Bleach
17%
More Negative Creep Bleach
17%
Million Scoff Bleach
9%
Heart Swap Meet Bleach
3%
Gut Token Eastern Song With the Lights Out
3%
No matching quizzes found
Score Distribution
Percent of People with Each Score
Percentile by Number Answered
Your Score History
You have not taken this quiz